• 首页
  • 本馆介绍
  • 公告通知
  • 最新文献
  • 馆藏检索
  • 电子资源
  • 读者导购
  • 参考咨询
  • 我的图书馆
  • 登录
  • 详细信息显示
  • 放入我的书架
  • 预约/预借图书
  • 作者相关作品
  • 分类相关作品
  • 丛书相关作品
  • 出版社相关作品

书目信息

  • 表格格式
  • 工作单格式
  • 卡片格式
题名:
书法
    
 
作者: 李德彪 , 周文锋 , 何云峰 主编
分册:  
出版信息: 长沙   湖南大学出版社  2020.10
页数: 198页
开本: 26cm
丛书名:
单 册:
中图分类: G623.752
科图分类:
主题词: 书法课--教学研究--小学--高等职业教育--教材
电子资源:
ISBN: 978-7-5667-1987-4
000 01019nam0 2200265 45
001 482596
005 20140818145227.0
010    @a978-7-5667-1987-4@dCNY48.00
100    @a20210118d2020 em y0chiy0110 ea
101 0  @achi
102    @aCN@b430000
105    @aa z 000yy
106    @ar
200 1  @a书法@Ashu fa@f李德彪, 周文锋, 何云峰主编
210    @a长沙@c湖南大学出版社@d2020.10
215    @a198页@c图@d26cm
300    @a全国专科层次小学教师培养规划教材/蒋蓉总主编 教育部卓越教师培养计划改革项目“基于实践取向的卓越小学教师培养”成果
330    @a本书系统地阐述了中国书法的基本理论知识和书法技艺,主要内容包括中国书法发展史简述、毛笔楷书、毛笔行书、篆书、隶书、草书、钢笔楷书、钢笔行书、粉笔字、书法创作与欣赏、三笔字考核等。
606 0  @a书法课@x教学研究@x小学@x高等职业教育@j教材
690    @aG623.752@v5
701  0 @a李德彪@Ali de biao@4主编
701  0 @a周文锋@Azhou wen feng@4主编
701  0 @a何云峰@Ahe yun feng@4主编
801    @aCN@bAHXH@c20210922
905    @b1358561-5@dG623.752@e2490@f5
    
    书法/李德彪, 周文锋, 何云峰主编.-长沙:湖南大学出版社,2020.10
    198页:图;26cm
    全国专科层次小学教师培养规划教材/蒋蓉总主编 教育部卓越教师培养计划改革项目“基于实践取向的卓越小学教师培养”成果
    
    ISBN 978-7-5667-1987-4:CNY48.00
    本书系统地阐述了中国书法的基本理论知识和书法技艺,主要内容包括中国书法发展史简述、毛笔楷书、毛笔行书、篆书、隶书、草书、钢笔楷书、钢笔行书、粉笔字、书法创作与欣赏、三笔字考核等。
●
相关链接 在E读中查询图书 在五车中查询图书 在当当中查询图书 在豆瓣中查询图书


正题名:书法     索取号:G623.752/2490         预约/预借

序号 登录号 条形码 馆藏地/架位号 状态 备注
1 1358561   213585618   第一样本阅览室/ [索取号:G623.752/2490] 在馆    
2 1358562   213585627   教育系资料室/ [索取号:G623.752/2490] 在馆    
3 1358563   213585636   教育系资料室/ [索取号:G623.752/2490] 在馆    
4 1358564   213585645   第四借阅区/ [索取号:G623.752/2490] 在馆    
5 1358565   213585654   第四借阅区/ [索取号:G623.752/2490] 在馆    
唐山师范学院图书馆 欢迎您!
大连网信软件有限公司© 版权所有